000 01318nas a2200313 i 4500
001 1968
003 ES-MaACL
005 20250217134441.0
008 950801d19411958sp m| p | 1 ||pa d
022 _a0211-3376
040 _aES-MaACL
080 _a72
245 0 0 _aRevista nacional de arquitectura.
260 _aMadrid :
_bDirección General de Arquitectura, Ministerio de la Gobernación,
_c1941-1958.
300 _a3 v. ;
_c33 cm.
310 _aMensual
362 0 _aAño 1, n. 1 (1941)-n. 204 (dic. 1958)
550 _aEdita (1941-jul. 1946): Dirección General de Arquitectura; (ag. 1946-dic. 1958): Colegio Oficial de Arquitectos de Madrid.
650 1 4 _aArquitectura
_99986
710 1 _aEspaña. Dirección General de Arquitectura.
_93702
710 2 _aColegio Oficial de Arquitectos de Madrid.
_92958
780 0 0 _tArquitectura :órgano de la Sociedad Central de Arquitectos
_xISSN 0211-3384
_w(SpMaBN)193443
785 0 0 _tArquitectura : Revista del Colegio Oficial de Arquitectos de Madrid ( COAM )
_xISSN 0004-2706
852 _aES-MaACL
_jHEM-A-3
_dOlim: Hem-1160
856 _3(1918-2018)
_uhttps://www.coam.org/es/fundacion/biblioteca/revista-arquitectura-100-anios
_zRevista Arquitectura 100 años
866 0 _o(1942),1946-48.
942 _2udc
955 _bOrex Digital
999 _c1968
_d1968